Loosely Defined Countries - Statistics

General Stats
  • This quiz has been taken 67 times
    27 since last reset
  • The average score is 11 of 12
Answer Stats
My Characteristics Country % Correct
Country with The Outback and boomerangs. Australia
100%
Maple syrup country. Canada
100%
Used to have a wall and is now united. Germany
100%
Large population with lots of spices. India
100%
Neutral country with chocolate and cheese. Switzerland
100%
Country with the Aztecs and the place where the dinosaur meteor landed. Mexico
96%
Used to be an Italian colony and is known for pirates. Somalia
96%
Potatoes. Known as the Emerald Isle. Ireland
92%
Very sparsely populated and had a large empire once. Mongolia
88%
The country with an island more populated than Russia. Indonesia
83%
The thin canal country. Panama
79%
It no longer has a coastline and it makes these people upset. Bolivia
71%
No matching quizzes found
Score Distribution
Percent of People with Each Score
Percentile by Number Answered
Your Score History
You have not taken this quiz since the last reset